| 000 | 00000nam 2200000zi 4500 |
| 001 | 9.904872 |
| 003 | CaOODSP |
| 005 | 20250107144056 |
| 006 | m o d f |
| 007 | cr mn||||||||| |
| 008 | 211115t20232023onc obs f000 0 eng d |
| 020 | |a9780660409191 |
| 040 | |aCaOODSP|beng|erda|cCaOODSP |
| 043 | |an-cn--- |
| 086 | 1 |aCS12-590/2021-1E-PDF |
| 245 | 00|aClassification of instructional programs (CIP) Canada 2021. |
| 250 | |aVersion 1.0. |
| 264 | 1|a[Ottawa] : |bStatistics Canada = Statistique Canada, |c2023. |
| 264 | 4|c©2023 |
| 300 | |a1 online resource (913 pages) |
| 336 | |atext|btxt|2rdacontent |
| 337 | |acomputer|bc|2rdamedia |
| 338 | |aonline resource|bcr|2rdacarrier |
| 500 | |aCover title. |
| 500 | |a"Release date: October 4, 2023." |
| 500 | |aIssued also in French under title: Classification des programmes d'enseignement (CPE) Canada 2021. |
| 504 | |aIncludes bibliographical references, (page 913). |
| 520 | |a"The Classification of Instructional Programs (CIP) Canada is a classification of instructional programs used to classify postsecondary educational programs according to field of study. It is Statistics Canada’s official standard for the organizing, collection, processing, dissemination, and analysis of field of study statistics in its education statistics programs"--Introduction, page 5. |
| 650 | 0|aPostsecondary education|zCanada|vStatistics. |
| 650 | 0|aProfessional education|zCanada|vStatistics. |
| 655 | 7|aStatistics|2lcgft |
| 710 | 2 |aStatistics Canada, |eissuing body. |
| 775 | 08|tClassification des programmes d'enseignement (CPE) Canada 2021.|w(CaOODSP)9.904873 |
| 856 | 40|qPDF|s5.22 MB|uhttps://publications.gc.ca/collections/collection_2023/statcan/12-590-x2021001-eng.pdf |
| 856 | 4 |qHTML|sN/A|uhttps://www.statcan.gc.ca/en/subjects/standard/cip/2021/index |
| 986 | |a12-590-X |